Russian for the mathematician /
Guardado en:
| Autor Principal: | |
|---|---|
| Formato: | Libro |
| Idioma: | English Russian |
| Publicado: |
New York :
Springer,
1972.
|
| Materias: | |
| Etiquetas: |
Agregar Etiqueta
Sin Etiquetas, Sea el primero en etiquetar este registro!
|
| LEADER | 00891cam a2200241 a 4500 | ||
|---|---|---|---|
| 001 | MAT.inmabb006785 | ||
| 008 | 721120s1972####nyua##########001#0#eng## | ||
| 005 | 20180301135735.0 | ||
| 245 | 1 | 0 | |a Russian for the mathematician / |c S. H. Gould. |
| 260 | |a New York : |b Springer, |c 1972. | ||
| 300 | |a xi, 211 p. : |b il. ; |c 24 cm. | ||
| 500 | |a "[This] is a 'crash-course' for self-instruction, providing precisely those features of the Russian language necessary to read mathematical research papers."--Contratapa. | ||
| 510 | 4 | |a MR, |c 50 #4177 | |
| 020 | |a 0387058117 | ||
| 020 | |a 3540058117 (Berlin) | ||
| 100 | 1 | |a Gould, Sydney H. |q (Sydney Henry), |d 1909- | |
| 650 | 0 | |a Russian language |x Grammar. | |
| 650 | 0 | |a Russian language |x Technical Russian. | |
| 084 | |a 00A20 |2 msc2000 | ||
| 010 | |a 72076762 | ||
| 040 | |a DLC |c DLC |d DLC | ||
| 041 | 0 | |a eng |a rus | |
| 859 | |h IDIOMAS |i G696 |p A-8827 |b BIB. MATEMATICA | ||
